ბათუმის შოთა რუსთაველის სახელმწიფო უნივერსიტეტის ბიბლიოთეკა

საკონდიტრო წარმოების ტექნოლოგია I ნაწილი : (ბიბ.ჩანაწერი № 39193)

000 -ლიდერი
ფიქსირებული სიგრძის საკონტროლო ველი 01227nam a2200229Ia 4500
001 - საკონტროლო ნომერი
საკონტროლო ველი 5778
003 - საკონტროლო ნომრის იდენტიფიკატორი
საკონტროლო ველი GE_BSU
005 - ბოლო ოპერაციის თარიღი და დრო
საკონტროლო ველი 20190510161206.0
008 - ფიქსირებული სიგრძის მონაცემთა ელემენტები - ზოგადი ინფორმაცია
ფიქსირებული სიგრძის საკონტროლო ველი 181216s1961||||ge |||||||||||||| ||geo||
040 ## - კატალოგიზაციის წყარო
Transcribing agency GE_BSU
041 ## - ენის კოდი
Language code of text/sound track or separate title geo
080 ## - უნივერსალური ათობითი კლასიფიკაციის ინდექსი
Universal Decimal Classification number 664.143(075.8) რ-12
100 ## - მთავარი ჩანაწერი - პიროვნების სახელი
Personal name რაპოპორტი, ა.
9 (RLIN) 980
245 ## - ცნობა სათაურის შესახებ
Title საკონდიტრო წარმოების ტექნოლოგია I ნაწილი :
Remainder of title სახელმძღვ. /
Statement of responsibility, etc ა. რაპოპორტი, ლ. სოსნოვსკი ; ა. რაპოპორტის საერთო რედაქციით ; მთარგმ. ალ.თარხნიშვილი ; რედ. ვ.გიოშვილი.
264 ## - წარმოების, გამოცემის, დისტრიბუციის და სხვა ცნობები
გამოცემის, წარმოების, დისტრიბუციის... ადგილი თბილისი :
გამოცემის, წარმოების, დისტრიბუციის... სახელწოდება სპი,
გამოცემის, წარმოების, დისტრიბუციის... თარიღი 1961.
300 ## - ფიზიკური აღწერა
Extent 466 გვ. :
Other physical details ილ. ;
Dimensions 20 სმ.
653 ## - INDEX TERM--UNCONTROLLED
Uncontrolled term საკონდიტრო წარმოების ტექნოლოგია
700 ## - ADDED ENTRY--PERSONAL NAME
Personal name სოსნოვსკი, ლ.
Relator term ავტორი
9 (RLIN) 981
700 ## - ADDED ENTRY--PERSONAL NAME
Personal name გიოშვილი, ვ.
Relator term რედაქტორი
9 (RLIN) 982
700 ## - ADDED ENTRY--PERSONAL NAME
Personal name თარხნიშვილი, ალ.
Relator term მთარგმნელი
9 (RLIN) 983
942 ## - ADDED ENTRY ELEMENTS (KOHA)
Koha item type წიგნი
Source of classification or shelving scheme
ეგზემპლარები
ჩამოწერის სტატუსი დაკარგული ეგზემპლარის სტატუსი კლასიფიკაციის წყარო ან თაროზე გაწყობის სქემა დაზიანების სტატუსი არ გაიცემა მუდმივი მდებარეობა (დაცვის ადგილი) ამჟამინდელი ადგილსამყოფელი თაროზე განთავსების ადგილი შეძენის თარიღი ღირებულება, შესყიდვის ნორმალური ფასი სრული შენახვის შიფრი შტრიხკოდი ბოლო ოპერაციის თარიღი ეგზემპლარის მიმდევრობითი ნომერი (კეტერი?) ფასის ძალაში შესვლის თარიღი ეგზემპლარის სახეობა საჯარო შენიშვნა
          ტექნოლოგიური ფაკულტეტის ბიბლიოთეკა ტექნოლოგიური ფაკულტეტის ბიბლიოთეკა წიგნსაცავი 2018-12-17 2.48 664.143(075.8) რ-12 11803 2018-12-17 11803 2018-12-17 წიგნი 2.48 ლ.
          ტექნოლოგიური ფაკულტეტის ბიბლიოთეკა ტექნოლოგიური ფაკულტეტის ბიბლიოთეკა წიგნსაცავი 2018-12-17 2.48 664.143(075.8) რ-12 11804 2018-12-17 11804 2018-12-17 წიგნი 2.48 ლ.
          ტექნოლოგიური ფაკულტეტის ბიბლიოთეკა ტექნოლოგიური ფაკულტეტის ბიბლიოთეკა წიგნის კალათა 2018-12-17 2.48 664.143(075.8) რ-12 11805 2018-12-17 11805 2018-12-17 წიგნი 2.48 ლ.